000 00284nam a22001217a 4500
008 170714b xxu||||| |||| 00| 0 eng d
041 _aeng
080 _a030
100 _a24
101 _aFJA
245 _aDCTIONARY OF MODERN FRENCH LITERARTURE
_cDOLBOW.S.W
942 _2udc
_cBK
999 _c20838
_d20838